<?xml version="1.0" encoding="UTF-8"?>
<collection xmlns="http://www.loc.gov/MARC21/slim">
 <record>
  <leader>01459nam a22002297a 4500</leader>
  <controlfield tag="001">NCT_92631</controlfield>
  <controlfield tag="008">211122b        xxu||||| |||| 00| 0 vie d</controlfield>
  <datafield tag="999" ind1=" " ind2=" ">
   <subfield code="c">4581</subfield>
   <subfield code="d">4581</subfield>
  </datafield>
  <datafield tag="020" ind1=" " ind2=" ">
   <subfield code="a">9786048231521</subfield>
   <subfield code="c">73000</subfield>
  </datafield>
  <datafield tag="082" ind1="0" ind2="4">
   <subfield code="2">23rd ed.</subfield>
   <subfield code="a">005.258</subfield>
   <subfield code="b">S464</subfield>
  </datafield>
  <datafield tag="100" ind1="1" ind2=" ">
   <subfield code="a">Lê Hoàng Sơn</subfield>
   <subfield code="e">Chủ biên</subfield>
  </datafield>
  <datafield tag="245" ind1="1" ind2="0">
   <subfield code="a">Giáo trình Lập trình Android :</subfield>
   <subfield code="b">Giáo trình cho bậc đại học ngành công nghệ thông tin</subfield>
   <subfield code="c">Lê Hoàng Sơn (Chủ biên); Nguyễn Thọ Thông</subfield>
  </datafield>
  <datafield tag="250" ind1=" " ind2=" ">
   <subfield code="a">Tái bản</subfield>
  </datafield>
  <datafield tag="260" ind1=" " ind2=" ">
   <subfield code="a">H.</subfield>
   <subfield code="b">Xây dựng</subfield>
   <subfield code="c">2020</subfield>
  </datafield>
  <datafield tag="300" ind1=" " ind2=" ">
   <subfield code="a">128 tr.</subfield>
   <subfield code="b">Minh họa </subfield>
   <subfield code="c">27cm</subfield>
  </datafield>
  <datafield tag="520" ind1="3" ind2=" ">
   <subfield code="a">Giáo trình giới thiệu tổng quan về lập trình Android, mô tả cách thiết kế layouts và UI. Trình bày các yếu tố cơ bản của lập trình di động gồm: Tương tác sự kiện, content provider và intent filter; cách thức xây dựng ứng dụng quản lý thông tin sinh viên trong Android.</subfield>
  </datafield>
  <datafield tag="653" ind1=" " ind2=" ">
   <subfield code="a">Công nghệ thông tin</subfield>
  </datafield>
  <datafield tag="700" ind1="1" ind2=" ">
   <subfield code="a">Nguyễn Thọ Thông</subfield>
  </datafield>
  <datafield tag="942" ind1=" " ind2=" ">
   <subfield code="2">ddc</subfield>
   <subfield code="c">BK</subfield>
  </datafield>
  <datafield tag="952" ind1=" " ind2=" ">
   <subfield code="0">0</subfield>
   <subfield code="1">0</subfield>
   <subfield code="2">ddc</subfield>
   <subfield code="4">0</subfield>
   <subfield code="6">005_258000000000000_S464</subfield>
   <subfield code="7">0</subfield>
   <subfield code="9">21687</subfield>
   <subfield code="a">000001</subfield>
   <subfield code="b">000001</subfield>
   <subfield code="d">2021-11-22</subfield>
   <subfield code="o">005.258 S464</subfield>
   <subfield code="p">MD.19062</subfield>
   <subfield code="r">2021-11-22</subfield>
   <subfield code="v">73000.00</subfield>
   <subfield code="w">2021-11-22</subfield>
   <subfield code="y">BK</subfield>
  </datafield>
  <datafield tag="952" ind1=" " ind2=" ">
   <subfield code="0">0</subfield>
   <subfield code="1">0</subfield>
   <subfield code="2">ddc</subfield>
   <subfield code="4">0</subfield>
   <subfield code="6">005_258000000000000_S464</subfield>
   <subfield code="7">0</subfield>
   <subfield code="9">21688</subfield>
   <subfield code="a">000001</subfield>
   <subfield code="b">000001</subfield>
   <subfield code="d">2021-11-22</subfield>
   <subfield code="o">005.258 S464</subfield>
   <subfield code="p">MD.19063</subfield>
   <subfield code="r">2021-11-22</subfield>
   <subfield code="v">73000.00</subfield>
   <subfield code="w">2021-11-22</subfield>
   <subfield code="y">BK</subfield>
  </datafield>
  <datafield tag="980" ind1=" " ind2=" ">
   <subfield code="a">Thư viện Trường Đại học Nam Cần Thơ</subfield>
  </datafield>
 </record>
</collection>
